00573cam a2200157 i 4500020002200000082001500022245001900037260002800056300002000084500001800104500017200122500002200294500005100316650002900367700001900396 a0889362351 (pbk.)00a664.02 FOO10aFood systems : a[Ottawa :bIDRC,c1979] a72 p. :bill. ; a"IDRC 0146e." aDescribes the Postproduction Systems Program of the AFNS Division of IDRC, and includes short reports on each of the projects within that program up to September 1979. a"UDC:631.56.001." aRelated IDRC publications and films: p. 71-72. 0aFood industry and trade.1 aForrest, R. S.